00340nam a2200121Ia 4500008004100000245007700041260001700118260000900135300000900144650002300153650001200176856003000188170516s9999 xx 000 0 und d aBiomimetic Acoustically-Responsive Vesicles for Theranostic Applications bTheranostics c2015 a5:11 xMedical Technology xMedtech uhttp://www.thno.org/v5i11